Svájc turizmusa, turizmuspolitikája

Bibliográfiai részletek
Szerző: Molnár Vivien
További közreműködők: Tóth Dr. Zoltán
Dokumentumtípus: Diplomadolgozat
Kulcsszavak:Svájc
Gazdaság
Turizmus
Vendéglátás
Turizmuspolitika
Turizmusfejlesztés
Online Access:http://dolgozattar.uni-bge.hu/59368

MARC

LEADER 00000nta a2200000 i 4500
001 dolg59368
005 20260113155151.0
008 260113suuuu hu om 000 hun d
040 |a BGE Dolgozattár Repozitórium  |b hun 
041 |a hu 
100 1 |a Molnár Vivien 
245 1 0 |a Svájc turizmusa, turizmuspolitikája  |c Molnár Vivien  |h [elektronikus dokumentum] 
695 |a Svájc 
695 |a Gazdaság 
695 |a Turizmus 
695 |a Vendéglátás 
695 |a Turizmuspolitika 
695 |a Turizmusfejlesztés 
700 1 |a Tóth Dr. Zoltán  |e ths 
856 4 0 |u http://dolgozattar.uni-bge.hu/59368/1/Molnar-Vivien-2.pdf  |z Dokumentum-elérés